Monnaies officielles des pays du monde - Statistiques

Statistiques générales
  • Ce quiz a été pris 13 635 fois
    7 505 depuis la dernière actualisation
  • Le résultat moyen est 15 sur 75
Statistiques - réponses
Pays Monnaie % Correct
Zone Euro (21 pays) + Andorre, Monaco, Saint-Marin, Vatican Euro
100%
Australie, Canada, États-Unis + 27 autres pays Dollar
95%
Japon Yen
84%
Égypte, Liban, Royaume-Uni, Soudan, Soudan du Sud, Syrie, Turquie Livre
80%
Suisse + 19 pays africains Franc
77%
Argentine, Chili, Colombie, Cuba, Mexique, Philippines, République Dominicaine, Uruguay Peso
77%
Biélorussie, Russie Rouble
61%
Danemark, Islande, Norvège, République Tchèque, Suède Couronne
59%
Algérie, Bahreïn, Irak, Jordanie, Koweït, Libye, Serbie, Tunisie Dinar
58%
Émirats Arabes Unis, Maroc Dirham
53%
Inde, Indonésie, Maurice, Népal, Pakistan, Seychelles, Sri Lanka Roupie
51%
Maldives Rufiyaa
51%
Chine Yuan
50%
Corée du Nord, Corée du Sud Won
38%
Brésil Réal
33%
Pologne Złoty
31%
Thaïlande Baht
26%
Iran, Oman Rial
22%
Arabie Saoudite, Qatar, Yémen Riyal
22%
Hongrie Forint
20%
Venezuela Bolivar
18%
Moldavie, Roumanie Leu
17%
Israël Shekel
16%
Kenya, Ouganda, Somalie, Tanzanie Shilling
16%
Viêt Nam Dong
15%
Bosnie-Herzégovine Mark
15%
Afrique du Sud Rand
14%
Zimbabwe Or
13%
Albanie Lek
11%
Cap-Vert Escudo
10%
Guatemala Quetzal
9%
Pérou Sol
9%
Haïti Gourde
8%
Afghanistan Afghani
7%
Arménie Dram
7%
Cambodge Riel
7%
Kirghizistan Som
7%
Ouzbékistan Sum
7%
Panama Balboa
6%
Bolivie Boliviano
6%
Costa Rica Colón
6%
Macédoine du Nord Denar
6%
Paraguay Guaraní
6%
Ukraine Hryvnia
6%
Laos Kip
6%
Azerbaïdjan, Turkménistan Manat
6%
Nigeria Naira
6%
Malaisie Ringgit
6%
Madagascar Ariary
5%
Éthiopie Birr
5%
Ghana Cedi
5%
Nicaragua Córdoba
5%
Malawi, Zambie Kwacha
5%
Angola Kwanza
5%
Birmanie Kyat
5%
Géorgie Lari
5%
Honduras Lempira
5%
Sierra Leone Leone
5%
Botswana Pula
5%
Bangladesh Taka
5%
Kazakhstan Tenge
5%
Mongolie Tugrik
5%
Gambie Dalasi
4%
Sao Tomé-et-Principe Dobra
4%
Papouasie-Nouvelle-Guinée Kina
4%
Eswatini Lilangeni
4%
Lesotho Loti
4%
Mozambique Metical
4%
Érythrée Nakfa
4%
Bhoutan Ngultrum
4%
Mauritanie Ouguiya
4%
Tadjikistan Somoni
4%
Samoa Tālā
4%
Vanuatu Vatu
4%
Tonga Paʻanga
3%
Aucun quiz correspondant
Distribution des résultats
% des personnes avec chaque résultat
Percentile par nombre de réponses
Votre historique - résultats
Vous n’avez pas pris ce quiz depuis la dernière actualisation